| 000 | 00850nam a22002897a 4500 | ||
|---|---|---|---|
| 001 | 0074 | ||
| 003 | DO-SdBNP | ||
| 005 | 20180119091411.0 | ||
| 007 | 0074 | ||
| 008 | 151021b sp 1979 xxu||||| |||| 00| 0 spa d | ||
| 020 | _a8426110444 | ||
| 040 |
_aBPMSU _bspa _cBPMSU |
||
| 092 |
_axxxxxx _bxxxxxx |
||
| 100 | 1 | 0 | _aBlyton, Enid |
| 240 | 1 | 0 | _aFive go to demon´s rocks |
| 245 | 1 | 4 |
_aLos cinco en las rocas del diablo / _cEnid Blyton ; traducción Antonio de Quadras ; ilustración José Correas |
| 250 | _a7a ed. | ||
| 260 |
_aBarcelona, España : _bJuventud, _c1979 |
||
| 300 |
_a154 p. : _bil., _c20 cm. |
||
| 490 | 1 | 0 |
_aLos cinco _v43 |
| 700 | 1 | 0 |
_aQuadras, Antonio de, _etr. |
| 700 | 1 | 0 |
_aCorreas, José, _eil. |
| 830 | 0 | 0 |
_aLos cinco _n43 |
| 942 |
_2ddc _cBK |
||
| 945 | _aInventariado, 2018 / YL | ||
| 956 |
_aBrenda Tavárez _b10 _cBPMSU |
||
| 999 |
_c8413 _d8413 |
||